Tvorba web aplikácií s využitím multimédií vo Virtual tour

Na minha lista:
Detalhes bibliográficos
Autor principal: Šatka, Tomáš, 1987- (Author)
Outros Autores: Stuchlíková, Ľubica, 1967- (Thesis advisor)
Formato: Manuscrito Livro
Idioma:eslovaco
Publicado em: Bratislava : STU v Bratislave FEI, 2010
Assuntos:
Acesso em linha:VAIS
Tags: Adicionar Tag
Sem tags, seja o primeiro a adicionar uma tag!

MARC

LEADER 00000ntm a22000003a 4500
001 stu209561
005 20150617230103.7
008 100818s2010------------------------slo-d
040 |a STU  |b slo 
041 0 |a slo 
100 1 |a Šatka, Tomáš,  |d 1987-  |4 aut  |u E  |T FEI Fakulta elektrotechniky a informatiky  |X 35693  |U E  |Y 30  |7 A000035693 
242 0 0 |a Creation of web aplications with utilisation of multimedia in Virtual tour in research workplaces  |y eng 
245 1 |a Tvorba web aplikácií s využitím multimédií vo Virtual tour 
260 |a Bratislava :  |b STU v Bratislave FEI,  |c 2010 
300 |a 44 s 
650 7 |a Aplikovaná informatika  |2 stusub 
650 7 |a web aplikácie  |2 stusub 
650 7 |a multimédiá  |2 stusub 
700 1 |a Stuchlíková, Ľubica,  |d 1967-  |4 ths  |u E030  |U FEI Fakulta elektrotechniky a informatiky  |T FEI Ústav elektroniky a fotoniky  |X 1997  |U E030  |Y 549  |7 A000001997 
856 4 |a info a plný text  |u http://is.stuba.sk/zp/portal_zp.pl?podrobnosti=50065  |3 VAIS